| 000 | 00375nam a2200145Ia 4500 | ||
|---|---|---|---|
| 008 | 191201s2011 xx 000 0 und d | ||
| 082 |
_a004.6 _bKUC |
||
| 100 | _aKUROSE,James E | ||
| 245 | 0 | _aComputer Networking A Top-Down Approach Featuring the Internet | |
| 250 | _aIMp | ||
| 260 |
_aN. delhi _bpearson _c2011 |
||
| 300 | _a821 | ||
| 650 | _aM.Tech(CSE) | ||
| 942 |
_2ddc _cBK |
||
| 999 |
_c5253 _d5253 |
||